Statistics for Cities by Wikipedia Collages #2

Click here to take the quiz!

General Stats

  • This quiz has been taken 77 times
  • The average score is 13 of 21

Answer Stats

Answer% Correct
Dubai
97%
Rio de Janeiro
97%
Kuala Lumpur
86%
Tokyo
81%
Venice
79%
Chicago
77%
Barcelona
74%
Toronto
74%
Shanghai
67%
Florence
61%
St Louis
61%
Prague
56%
Nairobi
54%
St. Petersburg
54%
Kyoto
51%
Brasilia
46%
Yangon
43%
Mumbai
40%
Baghdad
37%
Honolulu
30%
Havana
21%

Score Distribution

Percentile by Number Answered

Percent of People with Each Score

Your Score History

You have not taken this quiz